000 00519nam a2200181 4500
001 110200
003 ES-MaACL
007 t|
008 061121s1983 sp r ||||1| spa d
100 1 _aMolero Zayas, José.
_981862
245 1 0 _aTecnología e industrialización /
_cJosé Molero Zayas.
260 _aMadrid :
_bPirámide,
_c1983.
300 _a150 p. ;
_c21 cm.
490 1 _aEscuela de Salamanca
830 0 _aEscuela de Salamanca
_9185614
852 _aES-MaACL
_jL-3897
_bR.104518
999 _c110200
_d110200